00678nam a2200193 a 450000100100000000500170001000800410002702000150006804000250008308200150010810000240012324500950014725000110024226000320025330000280028570000410031395201130035499900170046700004092820201002034502.0130911s2005 ag a 000 0 spa d a8426414915 aDO-SdBNPbspacBNPHU axxxxbxxxx1 aEco, Umberto94136713aLa misteriosa llama de la reina Loana /cUmberto Eco; traducción Helena Lozano Miralles. a2a ed. aBarcelona, :bLumen,c2005. a508 p. :bil. ;c23 cm.1 aLozano Miralles, Helena,dtr.967354 001050718MOaGRbGRcHDd2013-09-11iLF1l0oxxxx xxxxp40928-10r2020-06-25w2020-06-25y1ZNo se presta c40418d40418